Reencarnaciones /

Na minha lista:
Detalhes bibliográficos
Autor principal: Moreno Díaz, Gilberto Eduardo (autor)
Formato: Livro
Idioma:espanhol
Publicado em: Guadalajara, México : La Zonámbula, 2017, c2017
Colecção:(Senda Narrativa)
Assuntos:
Tags: Adicionar Tag
Sem tags, seja o primeiro a adicionar uma tag!

MARC

LEADER 00000nam^a2200000^a^4500
001 000399551
005 20250521000000.0
009 20260310121555.825
020 |a 978-607-8475-22-3 
037 |a Acervo ITESO - Biblioteca 
041 |a ESP 
082 |a 863.  |b MOR 
100 |a Moreno Díaz, Gilberto Eduardo  |e (autor) 
245 1 0 |a Reencarnaciones /  |c G.E. Moreno Díaz. 
264 4 |a Guadalajara, México :  |b La Zonámbula,  |c 2017, c2017 
300 |a 92 p. 
336 |a texto  |b txt  |2 rdacontenido 
337 |a sin mediación  |b n  |2 rdamedio 
338 |a volumen  |b nc  |2 rdasoporte 
440 1 |a (Senda Narrativa) 
521 |a FIL 2017 EEnlace Centro de Promoción Cultural 
649 |a XX 
650 |a Cuentos Jaliscienses 
650 |a Cuentos Mexicanos 
650 |a Literatura Jalisciense -  |y Siglo XXI 
650 |a Literatura Mexicana -  |y Siglo XXI 
740 0 |a Sedimentos /  |c G.E. Moreno Díaz. 
740 0 |a Crepúsculos /  |c G.E. Moreno Díaz. 
910 |a Fondo General 
920 |a Impresos - Libros 
930 |a Colección General 
940 |a Literatura 
905 |a 101 
901 |a 0500294773  |b IT1  |c LIT  |i c158190  |u 20250521 
902 |a https://opac.biblio.iteso.mx/vufind/Record/000399551